00362nam a2200133Ia 450000500170000000800410001702000180005808200200007610000260009624500390012226000270016130000120018865000280020020250401133235.0231217s9999 xx 000 0 und d a9788131413296 a331.3 KRI;1 R aKrishna Kumari, A ed. 0aGender discrimination and equality c2007bIcfaiaHyderabad avi, 220 adiscrimination,equality